Statistiques concernant Qui régnait en France en ... ? #1

Cliquez ici pour prendre le quiz!

Statistiques générales

  • Ce quiz a été pris 64 fois
  • Le résultat moyen est 8 sur 12

Statistiques - réponses

Réponse% Correct
Louis XIV
100%
Louis XVI
86%
Henri IV
83%
Louis XV
83%
Louis XIII
78%
Napoléon 1er
75%
Louis XVIII
71%
Charles X
61%
Jean 1er Posthume
51%
Napoléon II
47%
Henri III
46%
Charles IX
39%

Distribution des résultats

Percentile par nombre de réponses

% des personnes avec chaque résultat

Votre développement - résultats

Vous n’avez pas pris ce quiz